Open channel hydraulics /

Open Channel Hydraulics is written for undergraduate and graduate civil engineering students, and practicing engineers. Written in clear and simple language, it introduces and explains all the main topics required for courses on open channel flows, using numerous worked examples to illustrate the ke...

Full description

Bibliographic Details
Main Author: Akan, A. Osman
Corporate Author: ScienceDirect (Online service)
Format: eBook
Language:English
Language Notes:English.
Published: Amsterdam ; Boston : Elsevier/BH, 2006.
Subjects:
Online Access:Connect to the full text of this electronic book

MARC

Tag First Indicator Second Indicator Subfields
LEADER 00000cam a2200000 a 4500
001 in00005731421
005 20260326150221.5
006 m o d
007 cr cn|||||||||
008 070802s2006 ne a ob 001 0 eng d
040 |a OPELS  |b eng  |e pn  |c OPELS  |d BAKER  |d OCLCQ  |d N$T  |d YDXCP  |d MERUC  |d E7B  |d IDEBK  |d B24X7  |d OCLCQ  |d OCLCF  |d MYPMP  |d UKDOC  |d OCLCQ  |d COCUF  |d LVT  |d AGLDB  |d MOR  |d PIFAG  |d OCLCQ  |d STF  |d WRM  |d D6H  |d OCLCQ  |d VTS  |d INT  |d VT2  |d OCLCQ  |d COO  |d OCLCQ  |d LEAUB  |d M8D  |d UKCRE  |d VLY  |d OCLCQ  |d OCLCO  |d MHW  |d OCLCO  |d OCLCQ  |d OCLCO  |d OCLCL  |d EZC  |d COA  |d OCLCL 
019 |a 154231654  |a 441807344  |a 648302137  |a 765133542  |a 856952315  |a 860895934  |a 961641888  |a 962622001  |a 972016061  |a 988417920  |a 991955743  |a 1034929685  |a 1037744832  |a 1038667506  |a 1055324555  |a 1076624747  |a 1081235973  |a 1153556570  |a 1162013522  |a 1228580325  |a 1241928080  |a 1290100581  |a 1300443658  |a 1340065932 
020 |a 9780750668576 
020 |a 0750668571 
020 |a 9780080479804  |q (electronic bk.) 
020 |a 0080479804  |q (electronic bk.) 
020 |a 1281051861 
020 |a 9781281051868 
020 |a 9786611051860 
020 |a 6611051864 
024 8 |a (WaSeSS)ssj0000215216 
035 |a (OCoLC)162130450  |z (OCoLC)154231654  |z (OCoLC)441807344  |z (OCoLC)648302137  |z (OCoLC)765133542  |z (OCoLC)856952315  |z (OCoLC)860895934  |z (OCoLC)961641888  |z (OCoLC)962622001  |z (OCoLC)972016061  |z (OCoLC)988417920  |z (OCoLC)991955743  |z (OCoLC)1034929685  |z (OCoLC)1037744832  |z (OCoLC)1038667506  |z (OCoLC)1055324555  |z (OCoLC)1076624747  |z (OCoLC)1081235973  |z (OCoLC)1153556570  |z (OCoLC)1162013522  |z (OCoLC)1228580325  |z (OCoLC)1241928080  |z (OCoLC)1290100581  |z (OCoLC)1300443658  |z (OCoLC)1340065932 
037 |a 115794:115892  |b Elsevier Science & Technology  |n http://www.sciencedirect.com 
050 4 |a TC175  |b .A39 2006eb 
072 7 |a TEC  |x 014000  |2 bisacsh 
082 0 4 |a 627.042  |2 22 
049 |a TXAM 
100 1 |a Akan, A. Osman. 
245 1 0 |a Open channel hydraulics /  |c A. Osman Akan. 
260 |a Amsterdam ;  |a Boston :  |b Elsevier/BH,  |c 2006. 
300 |a 1 online resource (x, 364 pages) :  |b illustrations 
336 |a text  |b txt  |2 rdacontent 
337 |a computer  |b c  |2 rdamedia 
338 |a online resource  |b cr  |2 rdacarrier 
347 |a text file  |2 rdaft  |0 http://rdaregistry.info/termList/fileType/1002. 
520 |a Open Channel Hydraulics is written for undergraduate and graduate civil engineering students, and practicing engineers. Written in clear and simple language, it introduces and explains all the main topics required for courses on open channel flows, using numerous worked examples to illustrate the key points. With coverage of both introduction to flows, practical guidance to the design of open channels, and more advanced topics such as bridge hydraulics and the problem of scour, Professor Akan's book offers an unparalleled user-friendly study of this important subject Clear and simple style suited for undergraduates and graduates alike Many solved problems and worked examples Practical and accessible guide to key aspects of open channel flow. 
505 0 |a 1. FUNDAMENTALS OF OPEN CHANNEL FLOW -- 2. ENERGY AND MOMENTUM PRINCIPLES -- 3. NORMAL FLOW -- 4. GRADUALLY VARIED FLOW -- 5. DESIGN OF OPEN CHANNELS -- 6. HYDRAULIC STRUCTURES -- 7. BRIDGE HYDRAULICS -- 8. INTRODUCTION TO UNSTEADY OPEN-CHANNEL FLOW. 
504 |a Includes bibliographical references and index. 
588 0 |a Print version record. 
546 |a English. 
650 0 |a Channels (Hydraulic engineering) 
650 0 |a Hydraulics. 
650 6 |a Canaux (Technologie hydraulique) 
650 6 |a Hydraulique. 
650 7 |a hydraulics.  |2 aat 
650 7 |a TECHNOLOGY & ENGINEERING  |x Hydraulics.  |2 bisacsh 
650 7 |a Channels (Hydraulic engineering)  |2 fast 
650 7 |a Hydraulics  |2 fast 
655 7 |a Electronic books.  |2 local 
655 7 |a dissertations.  |2 aat 
655 7 |a Academic theses  |2 fast 
655 7 |a Academic theses.  |2 lcgft 
655 7 |a Thèses et écrits académiques.  |2 rvmgf 
710 2 |a ScienceDirect (Online service) 
758 |i has work:  |a Open channel hydraulics (Text)  |1 https://id.oclc.org/worldcat/entity/E39PCH8hXDggcJYTVdYCMMcC6X  |4 https://id.oclc.org/worldcat/ontology/hasWork 
776 0 8 |i Print version:  |a Akan, A. Osman.  |t Open channel hydraulics.  |d Amsterdam ; Boston : Elsevier/BH, 2006  |z 0750668571  |z 9780750668576  |w (OCoLC)67612460 
856 4 0 |u http://proxy.library.tamu.edu/login?url=https://www.sciencedirect.com/science/book/9780750668576  |z Connect to the full text of this electronic book  |t 0 
955 |a Elsevier ScienceDirect 2026-2027 
994 |a 92  |b TXA 
999 f f |i c2b8cf1b-6c2a-4ec9-85f3-916b1a97b1d2  |s 1bf47d5e-3bb4-42a2-8c58-d49d37f67cf0  |t 0 
952 f f |a Texas A&M University  |b College Station  |c Electronic Resources  |s www_evans  |d Available Online  |t 0  |e TC175 .A39 2006eb  |h Library of Congress classification 
998 f f |a TC175 .A39 2006eb  |t 0  |l Available Online